000 00547nam a22002297a 4500
003 UA-OsUOA
001 65662
007 ta
008 20091203b un ||||| |||| 00| 0 ukr d
100 _aМогила А.
090 _a821.161.2
_bМ74
942 _cBK
040 _aUA-OsUOA
_bukr
_cUA-OsUOA
_dUA-OsUOA
245 _aПоезії
300 _a333 с.
955 _a3
041 _aukr
080 _a821.161.2
260 _aК.
_c1972
650 7 _a82 Література. Літературознавство
_2UDC
999 _c351745
_d351745